Common Spanish Verbs - Statistics

General Stats
  • This quiz has been taken 20 times
    17 since last reset
  • The average score is 13 of 22
Answer Stats
English Spanish Answer % Correct
to give dar
85%
to do hacer
85%
to go ir
85%
to know saber
85%
to have tener
85%
to think pensar
77%
to come venir
77%
to see ver
77%
to say decir
69%
to want querer
69%
to put poner
62%
to arrive llegar
54%
to follow/continue seguir
54%
to return volver
54%
to lose perder
46%
to bring/get traer
46%
I must/should deber
38%
to leave/allow dejar
38%
to carry/bring llevar
38%
to stay quedar
38%
to take tomar
38%
to obtain conseguir
31%
No matching quizzes found
Score Distribution
Percent of People with Each Score
Percentile by Number Answered
Your Score History
You have not taken this quiz since the last reset